Vista normal
Vista MARC
Entrada Término temático
Número de registros utilizados en: 1
001 - NÚMERO DE CONTROL
- campo de control: 90209
003 - IDENTIFICADOR DEL NÚMERO DE CONTROL
- campo de control: DO-SdBNP
005 - FECHA Y HORA DE LA ÚLTIMA TRANSACCIÓN
- campo de control: 20260618202358.0
008 - DATOS DE LONGITUD FIJA
- campo de control de longitud fija: 260618|| aza||aabn | a|a d
040 ## - FUENTE DE LA CATALOGACIÓN
- Centro catalogador/agencia de origen: DO-SdBNP
- Centro/agencia transcriptor: DO-SdBNP
150 ## - ENCABEZAMIENTO--TÉRMINO DE MATERIA
- Término de materia o nombre geográfico como elemento de entrada: Arte taíno
- Subdivisión de forma: Catálogos
- Subdivisión geográfica: Rapública Dominicana
670 ## - FUENTE DE DATOS ENCONTRADOS
- Cita de la fuente: Work cat.: (DO-SdBNP)32461: García Arévalo, Manuel Antonio, 1948- 59457 autor, El arte taíno de la República Dominicana /
